Paroles - Nekfeu - les étoiles vagabondes partie 2 - Statistiques

Statistiques générales
  • Ce quiz a été pris 13 fois
  • Le résultat moyen est 69 sur 237
Statistiques - réponses
Réponse % Correct
de
89%
j'ai
78%
et
67%
a
56%
envie
56%
il
56%
le
56%
tout
56%
elle
44%
je
44%
ma
44%
m'a
44%
que
44%
se
44%
ta
44%
te
44%
tes
44%
toute
44%
tu
44%
arabe
33%
bêtises
33%
blanc
33%
c'est
33%
"c'est
33%
cette
33%
chenapan
33%
comme
33%
dans
33%
d'en
33%
des
33%
est
33%
fait
33%
France
33%
grossistes
33%
ils
33%
j'la
33%
j'suis
33%
juste
33%
la
33%
33%
lactée
33%
l'actu
33%
les
33%
l'monde
33%
mais
33%
mon
33%
noir
33%
pareil
33%
pas
33%
peace
33%
perdu
33%
plutôt
33%
pour
33%
p'tit
33%
putain
33%
quand
33%
qui
33%
qu't'es
33%
rap
33%
rappeurs
33%
ronde
33%
sens
33%
Terre
33%
un
33%
utopiste
33%
voie
33%
voila
33%
voilà
33%
voir
33%
vont
33%
voyou
33%
avant
22%
bêtes
22%
bulle
22%
catapultèrent
22%
ch'veux
22%
d'air
22%
d'demander
22%
depuis
22%
désequilibré
22%
deux
22%
être
22%
faudrait
22%
faut
22%
golden
22%
grosse
22%
humain
22%
j'me
22%
jusqu'à
22%
l'époque
22%
l'fond
22%
l'teh
22%
mère
22%
moi
22%
naître
22%
Nike
22%
nous
22%
pisse
22%
piste
22%
pourquoi
22%
pris
22%
p'tits
22%
pues
22%
qu'je
22%
rend
22%
rue
22%
sauvé?
22%
si
22%
sois
22%
sur
22%
système
22%
tellement
22%
tête
22%
tourneront
22%
vois
22%
voulais
22%
vrais?"
22%
attraper
11%
besoin
11%
'blèmes
11%
cache
11%
capuche
11%
chemin
11%
coincé
11%
côte
11%
coursé
11%
Darius
11%
dos
11%
d'Paris
11%
est-c'que
11%
eye
11%
flics
11%
frère
11%
j'aurais
11%
j'devais
11%
j'porte
11%
l'droit
11%
l'trafic
11%
maille
11%
marche
11%
match
11%
nerfs
11%
pilon
11%
redescends
11%
remonte
11%
sous
11%
tourmente
11%
trois
11%
voyous
11%
au
0%
celle-là
0%
d't'envoler
0%
gosses
0%
j'attends
0%
l'adultère
0%
l'bidon
0%
l'son
0%
mens
0%
milieu
0%
per-cho
0%
Roms
0%
ruse
0%
tapent
0%
t'reste
0%
ville
0%
vis
0%
Aucun quiz correspondant
Distribution des résultats
% des personnes avec chaque résultat
Percentile par nombre de réponses
Votre historique - résultats
Vous n’avez pas pris ce quiz